| 000 | 00658cam a2200193 4500 | ||
|---|---|---|---|
| 001 | WB3539-10 | ||
| 008 | 000000n1999 000 0 eng u | ||
| 035 | _a(Sirsi) u100243 | ||
| 245 | _aHouse factory opens | ||
| 260 | _c1999 | ||
| 490 |
_aBuilding Design _v(1412) 1 October 1999, 4(1) |
||
| 520 | _aBritspace Modular Building Systems new factory is capable of turning out four homes a day. The owners claim this could lead to savings of 20% over conventional housing. | ||
| 590 | _aWB | ||
| 650 | _aBRITSPACE MODULAR BUILDING SYSTEMS | ||
| 650 | _aCONVENTIONAL HOUSING | ||
| 650 | _aMODULAR HOUSING | ||
| 690 | _aHOUSING-DEVELOPMENT | ||
| 942 | _n0 | ||
| 999 |
_c60027 _d60027 |
||